MARC

LEADER 00000nab a2200000 a 4500
001 vtls000931940
003 SK-MaSNL
005 20260303035014.0
008 040720e20031022xo 0 slo
035 |a KE40817 
040 |a KEVKJB  |b slo  |c KEVKJB  |e AACR2 
041 0 |a slo 
044 |a xo  |c SK 
080 |a 796.344  |2 1981 
100 1 |a Kozák, Jaroslav,  |d 1943-  |4 aut  |9 125513 
245 1 0 |a Dominovali Košičania 
610 2 7 |a Národné tenisové centrum (Bratislava, Slovensko)  |2 KEVKJB  |9 84066 
610 2 7 |a Lokomotíva Košice (Slovensko)  |2 KEVKJB  |9 851005 
650 0 7 |a bedminton  |2 KEVKJB  |9 3289 
650 0 7 |a turnaje  |2 KEVKJB  |9 29773 
650 0 7 |a úspechy  |2 KEVKJB  |9 873641 
651 7 |a Košice (Slovensko)  |2 KEVKJB  |9 18694 
651 7 |a KE,  |2 KEVKJB  |9 877256 
655 7 |a periodikum  |2 KEVKJB  |9 29553 
710 2 |a Národné tenisové centrum (Bratislava, Slovensko)  |4 aut  |9 84066 
710 2 |a Lokomotíva Košice  |4 aut  |9 873277 
773 0 8 |t Sme  |g Roč. 11, č.243, 22.10.2003, s. 21 
852 |a ZVYKNI  |b KIS3GCP 
999 |c 1675713  |d 1677643